000 00451nam a2200181Ia 4500
003 STCL
008 221019s9999 xx 000 0 und d
020 _aA978-81-229-1146-6A
040 _aSTCL
_cSTCL
_bEN
082 _222
100 _aIshwari Prasad
245 2 _aA history of modern Europe from 1453 to 1789 A D
260 _bSurjeet Publications
_aDelhi
_c2016
300 _a394 p
365 _b895
546 _aEnglish
942 _cBK
_2DDC
_e22
999 _c88071
_d88071